| 000 | 00452nam a22001457a 4500 | ||
|---|---|---|---|
| 003 | PILC | ||
| 005 | 20150525151508.0 | ||
| 008 | 150525b xxu||||| |||| 00| 0 eng d | ||
| 050 |
_a NC 825.C43 _b.Si583 1989 |
||
| 245 |
_aSilicorn : _bthe computer cartoon book / _cedited by Murli Menon. |
||
| 260 |
_aNew Delhi : _bMedia Transasia (i) Pvt. Ltd., _c1989. |
||
| 300 |
_a186 pages : _billustrations ; _c22 cm. |
||
| 650 | _aComputer. | ||
| 942 |
_2lcc _cBK _kFOR |
||
| 999 |
_c284360 _d284360 |
||